1901 1795 1562 1701 1140 1487 1748 1149 1865 1145 1805 1581 1526 1692 1490 1164 1382 1774 1920 1445 1909 1984 1676 1462 1291 1122 1542 1739 1450 1141 1147 1331 1265 1473 1580 1245 1851 1145 1362 1067 1214 1750 1894 1825 1919 1284 1272 1595 1721 1724 1986 1789 1197 1363 1542 1213 1621 1513 1451 1859 1304 1435 1758 1115 1097 1779 1807 1920 1502 1564 1713 1800 1740 1849 1651 1560 1849 1531 1024 1085 1485 1205 1433 1296 1407 1979 1637 1454 1091 1566 1008 1697 1121 1464 1875 1268 1415 1651 1599 BCNSPRNW ULIB Ver.6.0+V

เปลี่ยนเป็นภาษาไทย

Change to English
 แสดงรายละเอียดบรรณานุกรม
  กลับหน้าหลัก

Brief Record : Get Marc (ISO 2709) : E-mail record : QR code < ปิดหน้าต่าง
LEADER : 00000nam 2200000uu 4500
001    13399112035
003     ULIB
008    110725s2552||||th 000 0 tha d
020    9789741111503
050  4 H62^bบ795ก 2552
100 0  เบญจา ยอดดำเนิน-แอ็ตติกจ์
245 10 การวิเคราะห์ข้อมูลเชิงคุณภาพ :^bการจัดการข้อมูล การตีความและการหาความหมาย /^cเบญจา ยอดดำเนิน-แอ็ตติกจ์ และกาญจนา ตั้งชลทิพย์
250    พิมพ์ครั้งที่ 1
260    นครปฐม :^bสถาบันวิจัยประชากรและสังคม มหาวิทยาลัยมหิดล,^c2552
300    163 หน้า ;^c25 ซม.
650  7 การวิจัย
650  7 ข้อมูล^xการวิเคราะห์
650  7 การวิจัยเชิงคุณภาพ
650  7 การประมวลผลข้อมูล
700 0  กาญจนา ตั้งชลทิพย์
710 2  มหาวิทยาลัยมหิดล. ^bสถาบันวิจัยประชากรและสังคม
945    ^p350^l0^i026725
995    ทศพร
999 ^a ทศพร
รายการนี้ยังไม่มีแท็ก
คุณยังไม่ได้ล็อกอิน คุณสามารถมีกิจกรรมร่วมกับเว็บไซต์ได้ แต่ต้องล็อกอินก่อน ::
  ล็อกอิน

รายการสื่อสารสนเทศ

ลำดับที่ ประเภท เลขเรียก/บาร์โค้ด สถานที่ สถานะ
- ไม่พบข้อมูล -

รายการใกล้เคียง
    ผู้แต่ง [เบญจา ยอดดำเนิน-แอ็ตติกจ์]

    หัวเรื่อง [การวิจัย]
    หัวเรื่อง [การวิจัยเชิงคุณภาพ]
    หัวเรื่อง [การประมวลผลข้อมูล]

BibComment


ยังไม่เคยถูกคอมเมนท์

คอมเมนท์ทรัพยากรรายการนี้
  คอมเมนท์: การวิเคราะห์ข้อมู..


 Copyright 2026. Bcnsprnw @Library